| 000 | 01214nam a2200229Ia 4500 | ||
|---|---|---|---|
| 003 | Ost | ||
| 005 | 20260507074906.0 | ||
| 008 | 260507s9999||||xx |||||||||||||| ||und|| | ||
| 040 | _cfsecg | ||
| 041 | _aara | ||
| 082 | _a658.8 | ||
| 100 |
_aالحاج، طارق _eمؤلف |
||
| 245 | 0 |
_aالتسويق من المنتج الى المستهلك / _c طارق الحاج |
|
| 260 |
_aعمان: _bدار صفاء للنشر والتوزيع, _c2010 |
||
| 300 |
_a176 صفحة؛ _bإيضاحات ؛ _c25 سم |
||
| 504 | _aتوجد نسخة قديمة 1990 | ||
| 520 | _aمقدمة في التسويق، البيئة في التسويق، بحوث ومعلومات التسويق، سلوك المستهلك، سلوك الشراء في السوق الصناعي، تقسيم السوق، سياسات وقرارات السلعة، تطوير السلع الجديدة، أهداف وسياسات التسعير، قنوات التوزيع، مؤسسات التسويق، التوزيع المادي، الترويج، البيع الشخصي | ||
| 653 | _aأدارة المبيعات | ||
| 653 | _aالتسويق | ||
| 700 |
_aربايعية،علي وأخرون _eمؤلف ثانوي |
||
| 942 | _cكتاب | ||
| 999 |
_c41702 _d41702 |
||